Statistics for Types of bread (10k takes special quiz)

Click here to take the quiz!

General Stats

  • This quiz has been taken 22 times
  • The average score is 7 of 16

Answer Stats

Answer% Correct
Hot dog bun
95%
Croissant
84%
Bagel
79%
Burger bun
63%
Pita bread
63%
Toast bread
47%
Baguette
42%
Rye bread
37%
Foccacia
32%
Ciabatta
26%
Whole wheat bread
26%
Brioche
21%
Pumpernickel
21%
Roll
21%
Sourdough bread
21%
Multigrain bread
5%

Score Distribution

Percentile by Number Answered

Percent of People with Each Score

Your Score History

You have not taken this quiz